| 000 | 01005nam a22003017a 4500 | ||
|---|---|---|---|
| 003 | CHAP | ||
| 005 | 20220329134757.0 | ||
| 008 | 971013s1962 r 10010 d | ||
| 010 | _a25746 | ||
| 011 | _a26718 | ||
| 035 | _a30819 | ||
| 040 | _cCHAP | ||
| 082 |
_a630.717 _bI58 1961 |
||
| 111 | 0 | 0 |
_aInteramerican Rural Youth Program. Advisory Meeting ( _d1961 _c: San José, C. R.) _959515 |
| 245 | _aMeeting | ||
| 260 |
_a(s.l.) : _bInteramerican Rural Youth Program. Advisory Meeting. San José, C.R., 1961, _c1962 |
||
| 300 | _apág. varía | ||
| 590 |
_aBATCH-UPD _b10 _c20130110 _lUCH01 _h1916 |
||
| 590 |
_aBATCH-UPD _b10 _c20130410 _lUCH01 _h1242 |
||
| 590 |
_aBATCH-UPD _b10 _c20130914 _lUCH01 _h1001 |
||
| 590 |
_aCONVERSION _b10 _c20130109 _lUCH01 _h1315 |
||
| 650 | 1 | 4 |
_aAgricultura _xClubes. _91362 |
| 650 | 1 | 4 |
_aClubes 4 _xS. _923927 |
| 650 | 1 | 4 |
_aExtensión agrícola. _939144 |
| 901 | _aBK | ||
| 942 | _cLIBRO | ||
| 949 |
_a630.717 I58 1961 _bBC _cLIBRO _d33724000035275 _eLIBRO _h43377 _i30819 _mD _si |
||
| 999 |
_c25746 _d25746 |
||